[Event "Hamburg-ch"]
[Site "Hamburg"]
[Date "2016.05.17"]
[Round "4"]
[White "Buchholz, Robert"]
[Black "Baberz, Alexander"]
[Result "0-1"]
[WhiteElo "2002"]
[BlackElo "2057"]
[PlyCount "77"]
[EventDate "2016.05.14"]
[EventType "swiss"]
[EventRounds "9"]
[EventCountry "GER"]
[SourceTitle "EXT 2018"]
[Source "ChessBase"]
[SourceDate "2017.10.13"]
[SourceVersion "1"]
[SourceVersionDate "2017.10.13"]
[SourceQuality "1"]

1. d4 d5 2. c4 e6 3. Nc3 c6 4. Nf3 Nf6 5. Bg5 Be7 6. e3 Nbd7 7. Rc1 0-0 8. Bd3 dxc4 9. Bxc4 b5 10. Bd3 Bb7 11. 0-0 a6 12. Ne4 Nxe4 13. Bxe7 Nxf2 14. Bxh7+ Kh8 15. Rxf2 Qxe7 16. Be4 Rac8 17. Rfc2 Nf6 18. Bxc6 Bxc6 19. Rxc6 Rxc6 20. Rxc6 Qb4 21. Qc1 a5 22. a3 Qb3 23. Rc3 Qd5 24. Rc8 Rxc8 25. Qxc8+ Kh7 26. Qc7 Qb3 27. Qc1 Ng4 28. e4 f6 29. h3 Qe3+ 30. Qxe3 Nxe3 31. Nd2 Kg6 32. Nb3 Nc4 33. Kf2 a4 34. Nc5 Nxb2 35. Nxe6 b4 36. d5 bxa3 37. Nd4 Nd3+ 38. Ke2 Nb4 39. d6 0-1

[Event "Hamburg-ch"]
[Site "Hamburg"]
[Date "2016.05.16"]
[Round "3"]
[White "Baberz, Alexander"]
[Black "Schroeder, Christoph"]
[Result "1/2-1/2"]
[WhiteElo "2057"]
[BlackElo "2217"]
[PlyCount "55"]
[EventDate "2016.05.14"]
[EventType "swiss"]
[EventRounds "9"]
[EventCountry "GER"]
[SourceTitle "EXT 2018"]
[Source "ChessBase"]
[SourceDate "2017.10.13"]
[SourceVersion "1"]
[SourceVersionDate "2017.10.13"]
[SourceQuality "1"]

1. Nf3 d5 2. d4 e6 3. c4 c6 4. e3 f5 5. Ne5 Nf6 6. Nc3 Bd6 7. f4 0-0 8. Bd3 Ne4 9. 0-0 Nd7 10. Nxe4 dxe4 11. Nxd7 Bxd7 12. Bc2 Rf6 13. Bb3 Rh6 14. Rf2 Qh4 15. g3 Qe7 16. c5 Bc7 17. Bc4 b5 18. Be2 a5 19. a4 b4 20. Rg2 Rd8 21. Qc2 Be8 22. g4 Rf6 23. Bc4 Bg6 24. g5 Rff8 25. b3 Bh5 26. Be2 Bxe2 27. Qxe2 Qd7 28. Qc4 1/2-1/2

[Event "Hamburg-ch"]
[Site "Hamburg"]
[Date "2016.05.15"]
[Round "2"]
[White "Atri, Jamshid"]
[Black "Baberz, Alexander"]
[Result "1-0"]
[WhiteElo "2100"]
[BlackElo "2057"]
[PlyCount "85"]
[EventDate "2016.05.14"]
[EventType "swiss"]
[EventRounds "9"]
[EventCountry "GER"]
[SourceTitle "EXT 2018"]
[Source "ChessBase"]
[SourceDate "2017.10.13"]
[SourceVersion "1"]
[SourceVersionDate "2017.10.13"]
[SourceQuality "1"]

1. e4 c5 2. Nf3 a6 3. c4 e6 4. Nc3 Nc6 5. d4 cxd4 6. Nxd4 Qc7 7. Be3 Nf6 8. a3 Be7 9. Be2 0-0 10. 0-0 Rd8 11. Rc1 Qa5 12. Nb3 Qc7 13. f4 d6 14. Bf3 Na5 15. Nxa5 Qxa5 16. Qa4 Qxa4 17. Nxa4 Bd7 18. Nb6 Rab8 19. Nxd7 Nxd7 20. Rfd1 b5 21. cxb5 axb5 22. Rc7 Rbc8 23. Rdc1 Rxc7 24. Rxc7 Bf6 25. b3 Bb2 26. a4 bxa4 27. bxa4 Nf8 28. a5 Ra8 29. Bb6 e5 30. f5 Bd4+ 31. Kf1 Ra6 32. Rb7 Bxb6 33. axb6 Ra1+ 34. Kf2 Rb1 35. Be2 Rb4 36. Ke3 g6 37. f6 d5 38. exd5 Rf4 39. Rb8 Rxf6 40. b7 Rb6 41. Ba6 Kg7 42. Rd8 Rb3+ 43. Kd2 1-0

[Event "Hamburg-ch MA"]
[Site "Hamburg"]
[Date "2015.05.25"]
[Round "3"]
[White "Baberz, Alexander"]
[Black "Schulz, Hans Juergen"]
[Result "1-0"]
[WhiteElo "2074"]
[BlackElo "1958"]
[PlyCount "147"]
[EventDate "2015.05.23"]
[EventType "swiss"]
[EventRounds "9"]
[EventCountry "GER"]
[SourceTitle "EXT 2022"]
[Source "ChessBase"]
[SourceDate "2021.10.06"]
[SourceVersion "1"]
[SourceVersionDate "2021.10.06"]
[SourceQuality "1"]

1. d4 Nf6 2. c4 e6 3. Nf3 Bb4+ 4. Nbd2 d5 5. a3 Be7 6. Qc2 b6 7. cxd5 exd5 8. e3 0-0 9. Bd3 Ba6 10. Ne5 Bxd3 11. Qxd3 Qd6 12. b3 Nfd7 13. Ndf3 f6 14. Nxd7 Nxd7 15. Bb2 Qe6 16. 0-0 Bd6 17. Rfd1 c6 18. Rac1 Rac8 19. Rc2 f5 20. Rdc1 Bb8 21. b4 h6 22. b5 c5 23. dxc5 bxc5 24. Nd4 Qf7 25. Nc6 c4 26. Qxd5 Qxd5 27. Ne7+ Kh7 28. Nxd5 Rc5 29. Nb4 Rxb5 30. Rxc4 a5 31. Nd3 Nb6 32. Rc5 Rb3 33. R5c3 Rb5 34. Rc5 Rb3 35. R5c3 Rb5 36. Ba1 Na4 37. Rc4 Nb6 38. Rc5 Rb3 39. R5c3 Rb5 40. g3 Rd8 41. Nc5 Be5 42. Rb3 Rxb3 43. Nxb3 Bxa1 44. Rxa1 a4 45. Nd4 Rd5 46. Rb1 Nd7 47. Rb5 Rxb5 48. Nxb5 Kg6 49. Kf1 Kf6 50. Ke2 Ke5 51. Kd3 Nb6 52. Kc3 Ke4 53. Nd4 g6 54. h3 g5 55. Kb4 f4 56. gxf4 gxf4 57. Kc5 fxe3 58. fxe3 Nd5 59. Nf5 h5 60. Ng3+ Ke5 61. Nxh5 Nxe3 62. Kb4 Nc2+ 63. Kxa4 Kf5 64. Ng3+ Kg5 65. Ne2 Kh4 66. Ng1 Kg3 67. Kb3 Ne3 68. a4 Kh2 69. a5 Kg3 70. a6 Nd5 71. a7 Nc7 72. Kb4 Kh2 73. h4 Kxg1 74. h5 1-0

[Event "Norderstedt op"]
[Site "Norderstedt"]
[Date "2013.04.01"]
[Round "9"]
[White "Baberz, Alexander"]
[Black "Gebert Vangeel, Ralf"]
[Result "1/2-1/2"]
[WhiteElo "1818"]
[BlackElo "2023"]
[PlyCount "101"]
[EventDate "2013.03.28"]
[EventType "swiss"]
[EventRounds "9"]
[EventCountry "GER"]
[SourceTitle "EXT 2015"]
[Source "ChessBase"]
[SourceDate "2014.11.20"]
[SourceVersion "1"]
[SourceVersionDate "2014.11.20"]
[SourceQuality "1"]

1. d4 d5 2. c4 c6 3. cxd5 cxd5 4. Bf4 Nc6 5. Nc3 a6 6. e3 Nf6 7. Bd3 Qb6 8. Nge2 g6 9. 0-0 Bg7 10. Qd2 0-0 11. Rab1 Qd8 12. h3 Nh5 13. Bh2 Nb4 14. Rbc1 Nxd3 15. Qxd3 Bd7 16. Qd1 Bc6 17. Qb3 Qd7 18. a4 Nf6 19. a5 Ne8 20. Nf4 Nc7 21. Nd3 Ne6 22. Be5 f6 23. Bh2 Rfd8 24. Nb4 Rac8 25. Nxc6 Qxc6 26. Ne2 Qd7 27. Rxc8 Rxc8 28. Nc3 Rc4 29. Qa2 Ng5 30. h4 Nf7 31. Rd1 e6 32. Rd3 Qc6 33. Qa1 Rb4 34. Qa2 Bf8 35. Bg3 Nd6 36. Bxd6 Bxd6 37. g3 Rc4 38. Qa1 Qc7 39. b3 Rc6 40. Qa4 Rxc3 41. Qe8+ Bf8 42. Qxe6+ Kg7 43. Rxc3 Qxc3 44. Qd7+ Kh6 45. Qd8 Bg7 46. Qxd5 Qc1+ 47. Kh2 Qc6 48. Qd8 Qf3 49. Kg1 Qd1+ 50. Kg2 Qxb3 51. d5 1/2-1/2

[Event "Norderstedt op"]
[Site "Norderstedt"]
[Date "2013.04.01"]
[Round "8"]
[White "Pajeken, Jakob Leon"]
[Black "Baberz, Alexander"]
[Result "0-1"]
[WhiteElo "1402"]
[BlackElo "1818"]
[PlyCount "59"]
[EventDate "2013.03.28"]
[EventType "swiss"]
[EventRounds "9"]
[EventCountry "GER"]
[SourceTitle "EXT 2015"]
[Source "ChessBase"]
[SourceDate "2014.11.20"]
[SourceVersion "1"]
[SourceVersionDate "2014.11.20"]
[SourceQuality "1"]

1. e4 c5 2. Nf3 d6 3. d4 cxd4 4. Nxd4 Nf6 5. Nc3 a6 6. Be2 e5 7. Nb3 Be7 8. 0-0 Nbd7 9. Re1 Qc7 10. Bf3 b6 11. Nd2 0-0 12. Nf1 b5 13. Ne3 Nb6 14. Ned5 Nfxd5 15. Nxd5 Nxd5 16. exd5 f5 17. Be2 Bb7 18. b3 Bf6 19. c4 bxc4 20. bxc4 e4 21. Rb1 Bc3 22. Rf1 Be5 23. Ba3 Rab8 24. f3 Qe7 25. Qe1 Qf6 26. fxe4 Qh6 27. Qc1 Qxh2+ 28. Kf2 Qg3+ 29. Kg1 Bd4+ 30. Kh1 0-1

[Event "Norderstedt op"]
[Site "Norderstedt"]
[Date "2013.03.28"]
[Round "1"]
[White "Baberz, Alexander"]
[Black "Schmidt Schaeffer, Sebastian"]
[Result "0-1"]
[WhiteElo "1818"]
[BlackElo "2359"]
[PlyCount "64"]
[EventDate "2013.03.28"]
[EventType "swiss"]
[EventRounds "9"]
[EventCountry "GER"]
[SourceTitle "EXT 2015"]
[Source "ChessBase"]
[SourceDate "2014.11.20"]
[SourceVersion "1"]
[SourceVersionDate "2014.11.20"]
[SourceQuality "1"]

1. d4 f5 2. Nf3 Nf6 3. c4 e6 4. g3 d5 5. b3 Bb4+ 6. Bd2 Be7 7. Bg2 0-0 8. 0-0 Ne4 9. Bc1 Nc6 10. Bb2 Bd7 11. Nbd2 Be8 12. Nxe4 dxe4 13. Ne5 Nxe5 14. dxe5 Bh5 15. Qc2 Bc5 16. Rad1 Qe7 17. Bc3 a5 18. Qb2 Rfd8 19. Rxd8+ Rxd8 20. Qc2 Qd7 21. Kh1 b6 22. h3 Bb4 23. Bxb4 axb4 24. g4 Bg6 25. gxf5 exf5 26. c5 b5 27. c6 Qd5 28. Rc1 Qxe5 29. Qc5 Rd1+ 30. Rxd1 Qxc5 31. Rd8+ Kf7 32. Rd7+ Kf6 0-1

[Event "GER-chT U12"]
[Site "Verden"]
[Date "2012.12.29"]
[Round "5.1"]
[White "Balazs, Balint"]
[Black "Baberz, Alexander"]
[Result "1-0"]
[WhiteElo "1839"]
[BlackElo "1805"]
[PlyCount "103"]
[EventDate "2012.12.27"]
[EventType "team-swiss"]
[EventRounds "7"]
[EventCountry "GER"]
[SourceTitle "EXT 2014"]
[Source "ChessBase"]
[SourceDate "2013.11.20"]
[SourceVersion "1"]
[SourceVersionDate "2013.11.20"]
[SourceQuality "1"]
[WhiteTeam "Hagen"]
[BlackTeam "Hamburger SK"]
[WhiteTeamCountry "GER"]
[BlackTeamCountry "GER"]

1. e4 c5 2. Nf3 d6 3. d4 cxd4 4. Nxd4 Nf6 5. Nc3 a6 6. Bg5 Nbd7 7. f3 Qc7 8. Qd2 e6 9. g4 Nb6 10. 0-0-0 h6 11. Be3 d5 12. e5 Nfd7 13. f4 Bb4 14. a3 Bxc3 15. Qxc3 Qxc3 16. bxc3 Nc4 17. Bxc4 dxc4 18. a4 b6 19. Nc6 Bb7 20. Rd6 Rc8 21. Na7 Rc7 22. Rhd1 Ke7 23. a5 bxa5 24. h3 f6 25. exf6+ gxf6 26. f5 exf5 27. gxf5 Rg8 28. Re6+ Kf7 29. Bf4 Ne5 30. Rdd6 Nd7 31. Rxa6 Bxa6 32. Bxc7 Bb7 33. Nb5 Nc5 34. Nd6+ Kg7 35. Re7+ Kh8 36. Nf7+ Kg7 37. Nxh6+ Kxh6 38. Bf4+ Rg5 39. h4 Be4 40. hxg5+ fxg5 41. Be3 Bxf5 42. Bxc5 g4 43. Ra7 Kg6 44. Rxa5 Be6 45. Ra6 Kf5 46. Rxe6 Kxe6 47. Kd2 Kd5 48. Bg1 Ke4 49. Ke2 Kf4 50. Bh2+ Kg5 51. Bg3 Kf5 52. Ke3 1-0

[Event "GER-chT U12"]
[Site "Verden"]
[Date "2012.12.28"]
[Round "4.1"]
[White "Baberz, Alexander"]
[Black "Kololli, Kevin"]
[Result "0-1"]
[WhiteElo "1805"]
[BlackElo "1746"]
[PlyCount "54"]
[EventDate "2012.12.27"]
[EventType "team-swiss"]
[EventRounds "7"]
[EventCountry "GER"]
[SourceTitle "EXT 2014"]
[Source "ChessBase"]
[SourceDate "2013.11.20"]
[SourceVersion "1"]
[SourceVersionDate "2013.11.20"]
[SourceQuality "1"]
[WhiteTeam "Hamburger SK"]
[BlackTeam "Luebeck"]
[WhiteTeamCountry "GER"]
[BlackTeamCountry "GER"]

1. d4 Nf6 2. c4 c5 3. d5 e6 4. Nc3 exd5 5. cxd5 d6 6. e4 g6 7. f4 Nbd7 8. Nf3 Bg7 9. Bd3 0-0 10. 0-0 Re8 11. Re1 Qc7 12. h3 a6 13. a4 c4 14. Bc2 b6 15. Re2 Rb8 16. Nd4 Bb7 17. g4 Ba8 18. Kh1 Nc5 19. Kh2 Qd8 20. g5 Nh5 21. Be3 h6 22. h4 Qd7 23. Rf2 hxg5 24. hxg5 b5 25. axb5 axb5 26. Qf3 b4 27. Na4 b3 0-1

[Event "GER-chT U12"]
[Site "Verden"]
[Date "2012.12.28"]
[Round "3.1"]
[White "Duerr, Florian"]
[Black "Baberz, Alexander"]
[Result "1/2-1/2"]
[WhiteElo "1839"]
[BlackElo "1805"]
[PlyCount "58"]
[EventDate "2012.12.27"]
[EventType "team-swiss"]
[EventRounds "7"]
[EventCountry "GER"]
[SourceTitle "EXT 2014"]
[Source "ChessBase"]
[SourceDate "2013.11.20"]
[SourceVersion "1"]
[SourceVersionDate "2013.11.20"]
[SourceQuality "1"]
[WhiteTeam "Erlangen 48/88"]
[BlackTeam "Hamburger SK"]
[WhiteTeamCountry "GER"]
[BlackTeamCountry "GER"]

1. c4 e6 2. g3 d5 3. Bg2 c5 4. cxd5 exd5 5. Nf3 Nc6 6. d4 Nf6 7. 0-0 Be6 8. Nc3 Be7 9. dxc5 Bxc5 10. Bg5 Be7 11. Nd4 0-0 12. Qd2 Qd7 13. Rfd1 Rfd8 14. Nb3 Qe8 15. Rac1 Ne4 16. Bxe4 dxe4 17. Qe3 Bxg5 18. Qxg5 Bxb3 19. axb3 Qe6 20. Qb5 Nd4 21. Qxb7 Rdb8 22. Qc7 Rc8 23. Qf4 Nxb3 24. Rd6 Qc4 25. Rcd1 Re8 26. Rd7 Nc5 27. Rc7 Rec8 28. Rdd7 Nxd7 29. Rxc4 Rxc4 1/2-1/2

[Event "GER-chT North U12"]
[Site "Magdeburg"]
[Date "2012.09.07"]
[Round "3.1"]
[White "Baberz, Alexander"]
[Black "Balazs, Balint"]
[Result "1-0"]
[WhiteElo "1793"]
[BlackElo "1842"]
[PlyCount "87"]
[EventDate "2012.09.06"]
[EventType "team-swiss"]
[EventRounds "7"]
[EventCountry "GER"]
[SourceTitle "EXT 2015"]
[Source "ChessBase"]
[SourceDate "2014.11.20"]
[SourceVersion "1"]
[SourceVersionDate "2014.11.20"]
[SourceQuality "1"]
[WhiteTeam "Hamburger SK"]
[BlackTeam "Hagen"]
[WhiteTeamCountry "GER"]
[BlackTeamCountry "GER"]

1. d4 g6 2. c4 Bg7 3. Nc3 d6 4. Nf3 Nd7 5. e4 e5 6. d5 Ne7 7. Be2 0-0 8. Qc2 f5 9. b3 Nf6 10. Bd3 h6 11. Nd2 f4 12. Bb2 g5 13. 0-0-0 c6 14. f3 Nd7 15. Be2 a5 16. dxc6 bxc6 17. a4 Rf6 18. Ba3 Bb7 19. Ndb1 Qc7 20. Rd2 Rd8 21. Rhd1 Nc8 22. c5 Nf8 23. cxd6 Qd7 24. Bc4+ Kh8 25. Ne2 Ne6 26. Qc3 Rg6 27. Qxa5 Nd4 28. Nxd4 exd4 29. e5 Re8 30. Re2 c5 31. Qxc5 Rd8 32. e6 Qxd6 33. Qxd6 Rxd6 34. Bxd6 Nxd6 35. e7 Ne8 36. Bf7 Rc6+ 37. Rc2 Rxc2+ 38. Kxc2 Bc6 39. Kd3 Nd6 40. Re1 Ne8 41. Rc1 Bd7 42. Bxe8 Bf5+ 43. Kd2 Bf6 44. Re1 1-0

[Event "GER-chT North U12"]
[Site "Magdeburg"]
[Date "2012.09.06"]
[Round "2.1"]
[White "Biastoch, Bennet"]
[Black "Baberz, Alexander"]
[Result "0-1"]
[WhiteElo "1536"]
[BlackElo "1793"]
[PlyCount "88"]
[EventDate "2012.09.06"]
[EventType "team-swiss"]
[EventRounds "7"]
[EventCountry "GER"]
[SourceTitle "EXT 2015"]
[Source "ChessBase"]
[SourceDate "2014.11.20"]
[SourceVersion "1"]
[SourceVersionDate "2014.11.20"]
[SourceQuality "1"]
[WhiteTeam "Magdeburg Aufbau Elbe"]
[BlackTeam "Hamburger SK"]
[WhiteTeamCountry "GER"]
[BlackTeamCountry "GER"]

1. e4 c5 2. Nf3 d6 3. d4 cxd4 4. Nxd4 Nf6 5. Nc3 a6 6. f3 e5 7. Nb3 Be6 8. Be3 Be7 9. Qd2 Nbd7 10. g4 b5 11. 0-0-0 Nb6 12. g5 Nh5 13. Kb1 Nc4 14. Bxc4 Bxc4 15. h4 0-0 16. Rdg1 Qc7 17. Nd5 Bxd5 18. exd5 a5 19. Qg2 Rfc8 20. Nc1 b4 21. Nd3 Qc4 22. Qg4 Qxc2+ 23. Ka1 Qxd3 24. Qxh5 Qxe3 25. g6 fxg6 26. Qg4 Qf4 27. Qe6+ Qf7 28. Qg4 Qf5 29. Qg3 Rc2 30. h5 g5 31. Rh4 Rac8 32. Rhh1 Qf4 33. Qe1 Qd2 34. Qb1 Bf6 35. Rd1 Qf4 36. Rhe1 e4 37. Rxe4 Qf5 38. Re2 Bxb2+ 39. Qxb2 Rxb2 40. Kxb2 Qf6+ 41. Kb1 Qc3 42. Rg2 b3 43. Rh2 bxa2+ 44. Kxa2 Rc4 0-1

[Event "GER-ch U12"]
[Site "Oberhof"]
[Date "2012.05.31"]
[Round "8"]
[White "Lagunow, Raphael"]
[Black "Baberz, Alexander"]
[Result "1-0"]
[WhiteElo "1938"]
[BlackElo "1846"]
[PlyCount "37"]
[EventDate "2012.05.27"]
[EventType "swiss"]
[EventRounds "11"]
[EventCountry "GER"]
[SourceTitle "CBM 148 Extra"]
[Source "ChessBase"]
[SourceDate "2012.06.22"]
[SourceVersion "1"]
[SourceVersionDate "2012.06.22"]
[SourceQuality "1"]

1. e4 e5 2. Nf3 Nc6 3. Bc4 Bc5 4. b4 Bxb4 5. c3 Be7 6. d4 Na5 7. Nxe5 Nxc4 8. Nxc4 d5 9. exd5 Qxd5 10. Ne3 Qa5 11. 0-0 Nf6 12. Bd2 0-0 13. c4 Qh5 14. Nd5 Qxd1 15. Nxe7+ Kh8 16. Rxd1 Be6 17. Nd5 Nxd5 18. cxd5 Bxd5 19. Nc3 1-0

[Event "GER-ch U12"]
[Site "Oberhof"]
[Date "2012.05.30"]
[Round "6"]
[White "Nothnagel, Marian Can"]
[Black "Baberz, Alexander"]
[Result "0-1"]
[WhiteElo "1732"]
[BlackElo "1846"]
[PlyCount "64"]
[EventDate "2012.05.27"]
[EventType "swiss"]
[EventRounds "11"]
[EventCountry "GER"]
[SourceTitle "CBM 148 Extra"]
[Source "ChessBase"]
[SourceDate "2012.06.22"]
[SourceVersion "1"]
[SourceVersionDate "2012.06.22"]
[SourceQuality "1"]

1. e4 c5 2. Nf3 d6 3. d4 cxd4 4. Nxd4 Nf6 5. Nc3 a6 6. Be3 e5 7. Nb3 Be7 8. f3 Be6 9. Qd2 0-0 10. 0-0-0 Nbd7 11. g4 Qc7 12. h4 b5 13. Kb1 Nb6 14. h5 Nc4 15. Bxc4 Bxc4 16. g5 b4 17. Ne2 Ne8 18. f4 Rd8 19. Ng3 d5 20. Nf5 d4 21. fxe5 d3 22. Nxe7+ Qxe7 23. Bc5 Qxe5 24. Bxf8 Qxe4 25. c3 bxc3 26. bxc3 Kxf8 27. g6 Rb8 28. gxh7 Qxh7 29. Kb2 Nd6 30. h6 Bxb3 31. hxg7+ Qxg7 32. Qf4 Bxd1+ 0-1

[Event "GER-ch U12"]
[Site "Oberhof"]
[Date "2012.05.29"]
[Round "5"]
[White "Baberz, Alexander"]
[Black "Waechter, Nathalie"]
[Result "1-0"]
[WhiteElo "1846"]
[BlackElo "1652"]
[PlyCount "117"]
[EventDate "2012.05.27"]
[EventType "swiss"]
[EventRounds "11"]
[EventCountry "GER"]
[SourceTitle "CBM 148 Extra"]
[Source "ChessBase"]
[SourceDate "2012.06.22"]
[SourceVersion "1"]
[SourceVersionDate "2012.06.22"]
[SourceQuality "1"]

1. d4 Nf6 2. c4 e6 3. Nf3 b6 4. g3 Bb7 5. Bg2 Be7 6. 0-0 0-0 7. Nc3 d5 8. cxd5 exd5 9. Qc2 Nbd7 10. Bf4 c6 11. Rad1 Re8 12. Be5 Nxe5 13. Nxe5 Bd6 14. f4 Qe7 15. e4 dxe4 16. Nxe4 Bxe5 17. dxe5 Nxe4 18. Bxe4 h6 19. b4 c5 20. Bxb7 Qxb7 21. bxc5 Rac8 22. Qf5 Rf8 23. cxb6 Qxb6+ 24. Rf2 Rcd8 25. Rb1 Qc5 26. Qc2 Qd4 27. h3 Qe3 28. Kh2 Rd3 29. Rg2 Rfd8 30. Qe2 Qd4 31. Qf2 Qa4 32. Rb3 Rd2 33. Qxd2 Rxd2 34. Rxd2 Qa5 35. Rbd3 Kf8 36. Re2 Ke7 37. e6 fxe6 38. Rde3 Kf7 39. Rxe6 Qa4 40. R6e4 Qa3 41. R4e3 Qa4 42. Rf2 Qd4 43. Ref3 Qa1 44. g4 Kg6 45. f5+ Kf6 46. Re3 Qd4 47. Rfe2 Qd6+ 48. Kg2 Qd5+ 49. Kg3 Qd6+ 50. Kh4 Qc5 51. Re6+ Kf7 52. Re7+ Qxe7+ 53. Rxe7+ Kxe7 54. Kh5 Kf6 55. h4 Kf7 56. g5 hxg5 57. Kxg5 a5 58. a4 Kf8 59. Kg6 1-0

[Event "GER-chT U14"]
[Site "Lingen"]
[Date "2011.12.29"]
[Round "5.4"]
[White "Siegl, Adrian"]
[Black "Baberz, Alexander"]
[Result "0-1"]
[WhiteElo "1725"]
[BlackElo "1765"]
[PlyCount "56"]
[EventDate "2011.12.27"]
[EventType "team-swiss"]
[EventRounds "7"]
[EventCountry "GER"]
[SourceTitle "EXT 2022"]
[Source "ChessBase"]
[SourceDate "2021.10.06"]
[SourceVersion "1"]
[SourceVersionDate "2021.10.06"]
[SourceQuality "1"]
[WhiteTeam "Nuernberg Sued SW U14"]
[BlackTeam "Hamburger SK U14"]
[WhiteTeamCountry "GER"]
[BlackTeamCountry "GER"]

1. e4 c5 2. Nf3 d6 3. d4 cxd4 4. Nxd4 Nf6 5. Nc3 a6 6. Bg5 e6 7. Be2 Be7 8. h4 Nbd7 9. Bf3 h6 10. Be3 Ne5 11. Qe2 Qc7 12. Nb3 Bd7 13. 0-0-0 Rc8 14. Bf4 Nc4 15. Nd2 Nxb2 16. Ndb1 Nc4 17. Be3 b5 18. Rd3 b4 19. Nd1 Bb5 20. Bd4 Na5 21. Nb2 b3 22. Rc3 Bxe2 23. Rxc7 Rxc7 24. Bxe2 Rxc2+ 25. Kd1 bxa2 26. Kxc2 a1Q 27. Bxa6 0-0 28. Rc1 Nc4 0-1

[Event "GER-chT U14"]
[Site "Lingen"]
[Date "2011.12.27"]
[Round "1.4"]
[White "Malinin, Nikita"]
[Black "Baberz, Alexander"]
[Result "0-1"]
[WhiteElo "1410"]
[BlackElo "1765"]
[PlyCount "70"]
[EventDate "2011.12.27"]
[EventType "team-swiss"]
[EventRounds "7"]
[EventCountry "GER"]
[SourceTitle "EXT 2022"]
[Source "ChessBase"]
[SourceDate "2021.10.06"]
[SourceVersion "1"]
[SourceVersionDate "2021.10.06"]
[SourceQuality "1"]
[WhiteTeam "Kiel Doppelbauer U14"]
[BlackTeam "Hamburger SK U14"]
[WhiteTeamCountry "GER"]
[BlackTeamCountry "GER"]

1. e4 e5 2. Nf3 Nc6 3. Bb5 a6 4. Ba4 Nf6 5. 0-0 Be7 6. Re1 b5 7. Bb3 0-0 8. c3 d5 9. exd5 Nxd5 10. Nxe5 Nxe5 11. Rxe5 Nf6 12. d4 Bd6 13. Re1 Ng4 14. h3 Qh4 15. Be3 Bh2+ 16. Kf1 Bf4 17. Qd2 Nxe3+ 18. Rxe3 Bxe3 19. Qxe3 Bb7 20. Nd2 Rae8 21. Qd3 Qh5 22. a4 Bd5 23. Bc2 Re6 24. axb5 axb5 25. Bd1 Qg5 26. Bg4 f5 27. Bf3 Rd8 28. Qxb5 c6 29. Qd3 Qf4 30. Bxd5 Rxd5 31. Nf3 Re8 32. Qc4 Re6 33. Ne5 Rdxe5 34. Qb4 Re2 35. Ra8+ Kf7 0-1

[Event "EU-ch U10"]
[Site "Albena"]
[Date "2011.09.12"]
[Round "2"]
[White "Baberz, Alexander"]
[Black "Gajdamowicz, Adrian"]
[Result "1/2-1/2"]
[WhiteElo "1855"]
[BlackElo "1566"]
[PlyCount "54"]
[EventDate "2011.09.11"]
[EventType "swiss"]
[EventRounds "9"]
[EventCountry "BUL"]
[SourceTitle "CBM 144 Extra"]
[Source "ChessBase"]
[SourceDate "2011.10.28"]
[SourceVersion "1"]
[SourceVersionDate "2011.10.28"]
[SourceQuality "1"]

1. d4 Nf6 2. Nf3 g6 3. c4 c5 4. Nc3 cxd4 5. Nxd4 d5 6. cxd5 Nxd5 7. Ndb5 Nxc3 8. Qxd8+ Kxd8 9. Nxc3 Bg7 10. Bd2 Nc6 11. 0-0-0 Bd7 12. e4 e6 13. Bg5+ f6 14. Be3 b6 15. Bc4 Ke7 16. f4 Rhd8 17. Rd2 Na5 18. Ba6 Bc6 19. b4 Rxd2 20. Bxd2 Bb7 21. Bxb7 Nxb7 22. Be3 Rd8 23. Rd1 Rxd1+ 24. Kxd1 Nd6 25. Kc2 Kd7 26. Kd3 Kc6 27. a4 a6 1/2-1/2